000 00287nam a22001211a 4500
082 _a294.592 4
_bSER/S
100 _aSeru S L
_9121367
245 _aSrimad Bhagavad Gita/
_cby Seru S L
260 _aDelhi:
_bNag,
_c1983.
300 _a448p.
650 _aBhagavad Gita
_9121368
942 _cBK
999 _c43825
_d43825